| 000 | 00741nam a2200265 a 4500 | ||
|---|---|---|---|
| 003 | AR-BaBNM | ||
| 005 | 20251128203605.0 | ||
| 008 | 082120s2002 ||||||||||||||000 | spa|| | ||
| 040 | _cAR-BaBNM | ||
| 100 | 1 |
_aEsquiú, Mamerto _cFray |
|
| 245 | 0 | 0 | _aSermones de un patriota |
| 260 |
_aBuenos Aires _bJackson _c1953 |
||
| 300 | _axiv, 256 p. | ||
| 490 | 0 |
_aGrandes Escritores Argentinos _vv. 25 |
|
| 500 | _aContiene biografía del autor | ||
| 650 | 4 | _aHISTORIA ARGENTINA | |
| 650 | 4 | _aHISTORIA DE LAS IDEAS | |
| 650 | 4 | _aHISTORIA CONSTITUCIONAL | |
| 650 | 4 | _aIGLESIA Y ESTADO | |
| 650 | 4 | _aCONGRESO CONSTITUYENTE DE 1853 | |
| 700 | 1 | _aAndrea, Miguel de | |
| 800 | 1 |
_aPalcos, Alfredo _edirector |
|
| 942 | _cBK | ||
| 998 | _cisola | ||
| 999 |
_c4045 _d4045 |
||